| 000 -LEADER |
| fixed length control field |
01599cam a2200325 i 4500 |
| 003 - CONTROL NUMBER IDENTIFIER |
| control field |
OSt |
| 005 - DATE AND TIME OF LATEST TRANSACTION |
| control field |
20240626185844.0 |
| 008 - FIXED-LENGTH DATA ELEMENTS--GENERAL INFORMATION |
| fixed length control field |
170718t20162016nyuab b 100 0 eng d |
| 020 ## - INTERNATIONAL STANDARD BOOK NUMBER |
| International Standard Book Number |
9781616894160 |
| Qualifying information |
(paperback) |
| 035 ## - SYSTEM CONTROL NUMBER |
| System control number |
(OCoLC)ocn910984252 |
| 042 ## - AUTHENTICATION CODE |
| Authentication code |
lccopycat |
| 082 04 - DEWEY DECIMAL CLASSIFICATION NUMBER |
| Classification number |
307.1/16 |
| Edition number |
23 |
| 245 00 - TITLE STATEMENT |
| Title |
Scaling infrastructure / |
| Statement of responsibility, etc |
MIT Center for Advanced Urbanism ; with contributions from Sonja Beeck [and 18 others] ; editor, Meredith Baber. |
| 250 ## - EDITION STATEMENT |
| Edition statement |
First edition. |
| 300 ## - PHYSICAL DESCRIPTION |
| Extent |
180 pages : |
| Other physical details |
illustrations, maps ; |
| Dimensions |
23 cm |
| 500 ## - GENERAL NOTE |
| General note |
"This conference, 'Scaling Infrastructure, ' is the second and final conference of our biennial theme"--Preface. |
| 504 ## - BIBLIOGRAPHY, ETC. NOTE |
| Bibliography, etc |
Includes bibliographical references. |
| 505 00 - FORMATTED CONTENTS NOTE |
| Formatted contents note |
Machine generated contents note: |
| Miscellaneous information |
1. |
| Title |
Recalibrating infrastructure -- |
| -- |
Sonja Beeck -- |
| -- |
Lawrie Robertson -- |
| -- |
Mayor Dayne Walling -- |
| -- |
Lorena Bello Gomez -- |
| Miscellaneous information |
2. |
| Title |
Resilient infrastructure -- |
| -- |
Richard Serino -- |
| -- |
Richard Hindle -- |
| -- |
Alfredo Brillembourg -- |
| -- |
Adam Klaptocz -- |
| -- |
James Wescoat -- |
| Miscellaneous information |
3. |
| Title |
Micro infrastructure -- |
| -- |
Ken Laberteaux -- |
| -- |
Daniel Sperling -- |
| -- |
Paola Vigano -- |
| -- |
Scott Kennedy. |
| 650 #0 - SUBJECT ADDED ENTRY--TOPICAL TERM |
| Topical term or geographic name as entry element |
Urbanization |
| Form subdivision |
Congresses. |
| 650 #0 - SUBJECT ADDED ENTRY--TOPICAL TERM |
| Topical term or geographic name as entry element |
Infrastructure (Economics) |
| Form subdivision |
Congresses. |
| 650 #0 - SUBJECT ADDED ENTRY--TOPICAL TERM |
| Topical term or geographic name as entry element |
City planning |
| Form subdivision |
Congresses. |
| 650 #7 - SUBJECT ADDED ENTRY--TOPICAL TERM |
| Topical term or geographic name as entry element |
City planning. |
| Source of heading or term |
fast |
| 650 #7 - SUBJECT ADDED ENTRY--TOPICAL TERM |
| Topical term or geographic name as entry element |
Infrastructure (Economics) |
| Source of heading or term |
fast |
| 650 #7 - SUBJECT ADDED ENTRY--TOPICAL TERM |
| Topical term or geographic name as entry element |
Urbanization. |
| Source of heading or term |
fast |
| 655 #7 - INDEX TERM--GENRE/FORM |
| Genre/form data or focus term |
Conference papers and proceedings. |
| Source of term |
fast |
| 700 1# - ADDED ENTRY--PERSONAL NAME |
| Personal name |
Beeck, Sonja, |
| Relator term |
author. |
| 700 1# - ADDED ENTRY--PERSONAL NAME |
| Personal name |
Baber, Meredith, |
| Relator term |
editor. |
| 710 2# - ADDED ENTRY--CORPORATE NAME |
| Corporate name or jurisdiction name as entry element |
MIT Center for Advanced Urbanism, |
| Relator term |
organizer. |
| 942 ## - ADDED ENTRY ELEMENTS (KOHA) |
| Source of classification or shelving scheme |
|